LEADER 00998nam0 22002651i 450 001 UON00224820 005 20231205103431.855 010 $a88-86973-23-3 100 $a20030730d2000 |0itac50 ba 101 $aita 102 $aIT 105 $a|||| ||||| 200 1 $aˆLa ‰ CIA in Guatemala$eOrrori di un genocidio$fPeter Tompkins$gMaria Luisa Forenza 210 $aRoma$cOdradek$d2000. 164 p. ; 23 cm. 606 $aGUATEMALA STORIA SEC. XX$3UONC042035$2FI 620 $aIT$dRoma$3UONL000004 700 1$aTOMPKINS$bPeter$3UONV136412$0500781 701 1$aFORENZA$bMaria Luisa$3UONV136413$0686255 712 $aOdradek$3UONV265451$4650 801 $aIT$bSOL$c20240220$gRICA 899 $aSIBA - SISTEMA BIBLIOTECARIO DI ATENEO$2UONSI 912 $aUON00224820 950 $aSIBA - SISTEMA BIBLIOTECARIO DI ATENEO$dSI III STORIAAME 1092 $eSI SC 36135 5 1092 996 $aCIA in Guatemala$91269631 997 $aUNIOR LEADER 00828nam 2200253 450 001 9910839700603321 005 20240319094433.0 100 $a20240315d1977----u y0engy50 zz 101 0 $aita 102 $aIT 105 $a 000zy 200 1 $aStoria della filosofia e storia della cultura in G. Gentile$eil Capponi e la cultura toscana del sec. XIX$fFulvio Tessitore 210 $a[S l.]$cs.n.$d1977 215 $aP. 50-73$d19 cm 300 $aEstratto da "La cultura" anno XV, n.1 (1977) 676 $a831$v23$zita 700 1$aTessitore,$bFulvio$04713 801 0$aIT |b UNINA |g REICAT |2 UNIMARC 901 $aLG 912 $a9910839700603321 952 $aDFT OPUSC. 20 (06)$b2024/2157$fFLFBC 959 $aFLFBC 996 $aStoria della filosofia e storia della cultura in G. Gentile$94133747 997 $aUNINA